Responses for show #5143 - Wednesday, January 10, 2007

Contestants

[<< previous game]

Alan Husby, a teacher from Minneapolis, Minnesota

Susan Ferrari, a graduate student from Chicago, Illinois

Nathan Crane, an auditorium manager from Gilbert, Arizona (whose 1-day cash winnings total $12,599)

[next game >>]

Jeopardy! Round responses

MARINE BIOLOGY
SPORTS BARRIERS
THE STAMP ACT
AUTHORS' WORKS
FIRST 3 LETTERS OF STATES
(Alex: We will give you a clue that leads you to the first three letters of a state. You have to give us the state, however.)
BEFORE & AFTER
    $200 6
Alvin

Alan
    $200 24
Babe Ruth

Nathan
    $200 3
Marilyn Monroe

Alan
    $200 8
Hemingway

Susan
    $200 1
(Susan: What is are?)

Washington

NathanSusan
    $200 13
(Alan: What is the road runner?)

On the Road Runner

SusanAlan
    $400 7
plankton

Susan
    $400 25
the Kentucky Derby

Susan
    $400 4
Buckminster Fuller

Alan
    $400 9
Charles Dickens

Susan
    $400 2
(Susan: What is Georgia?)

Oregon

SusanAlan
    $400 14
the Sierra Club soda

Susan
    $600 19
Sargasso

Nathan
    $600 27
Wilt Chamberlain

Alan
    $600 5
(Susan: Who is the Cat in the Hat?)

Fox in Socks

SusanAlan
    $600 10
(Stephen) King

Nathan
    $600 18
Connecticut

Susan
    $600 15
remote control freak

Nathan
    $800 20
a sea horse

Susan
    $800 28
(Alan: What is the 100-yard dash?)
...
(Alex: 100 meters, yes. The Olympics.)

the 100-meter dash

NathanAlan
    $800 30
(Albert) Sabin

Alan
    $800 11
Tolstoy

Nathan
    $800 22
(Alex: His role is Ari. Hence [*].)

Arizona

Triple Stumper
    $800 16
(Nathan: [*].)
(Alex: What is [*]? Remember, you'll get penalized in the second round if you don't phrase it properly.)

like a rolling stone crab

Nathan
    $1000 21
Woods Hole

Alan
    $1000 29
a funny car

Nathan
    $1000 26
Hattie McDaniel

Nathan
    $1000 12
Kurt Vonnegut

Susan
    $1,000 23
Tennessee

Alan
    $1000 17
the birth of Venus Williams

Nathan

Scores at the first commercial break (after clue 15):

Nathan Susan Alan
$2,200 $1,400 $1,600

Scores at the end of the Jeopardy! Round:

Nathan Susan Alan
$7,600 $3,200 $4,200

Double Jeopardy! Round responses

GRAND TETON NATIONAL PARK
TV RIDES
(Alex: We will give you the [*]. You have to identify the show that featured those modes of transportation.)
"G" WHIZ
(Alex: A whole category devoted to...)
EDWARD R. MURROW
GOOD KNIGHT
GOOD LUCK
    $400 16
(Susan: Who is Hoover?)

Coolidge

NathanSusan
    $400 18
The Love Boat

Alan
    $400 10
a grain

Alan
    $400 24
(Alan: [*].)
(Alex: Say it again.)
(Alan: [*].)
(Alex: No.)
...
(Alex: And I'll tell you why I'm saying no. You forgot to phrase it in the form of a question, and as I pointed out to Nathan a little while ago--)
(Alan: Okay, that's right.)
(Alex: --we penalize you in the Double Jeopardy! round.)

the United States Information Agency

Alan
Triple Stumper
    $400 1
dame

Susan
    $400 6
a ladybug

Susan
    $800 17
snowshoes

Susan
    $800 19
Battlestar Galactica

Nathan
    $800 11
Garfield

Nathan
    $800 25
the Battle of Britain

Alan
    $800 2
chevalier

Susan
    $800 7
a shamrock (or clover)

Susan
    $1,000 23
(Alan: I don't have a clue.)
(Alex: Twisty river--the [*].)
(Alan: [*].)
(Alex: [*].)

the Snake River

Alan
    $1200 20
Speed Racer

Nathan
    $1200 12
(Susan: What is [*]!?)
(Alex: Good. You could have stretched it out even more.)
(Susan: I could've.)

gol

Susan
    $1200 26
Joseph McCarthy

Nathan
    $1200 3
the Knights of Columbus

Susan
    $1200 8
a penny

Susan
    $1600 27
(Nathan: What are buffalo?)
(Susan: What are bison?)
(Alan: What are [*]?)
(Alex: You have to ring in.)
(Alan: What are [*]?)
(Alex: You're right. You lucked out on that one.)

elk

NathanSusanAlan
    $1600 21
(The) Roy Rogers (Show)

Nathan
    $1600 13
the Gnostics

Susan
    $1600 29
(Susan: What is 20,000 Leagues Under the Sea?)
(Nathan: What is Journey to the Center of the Earth?)
(Alan: What is From the Earth to the Moon?)

Around the World in 80 Days

NathanSusanAlan
Triple Stumper
    $4,500 4
the Knights Templar

Susan
    $1600 9
a rabbit's foot

Alan
    $2000 28
(Susan: What is the Ascension?)

the Transfiguration

NathanSusan
    $2000 22
McHale's Navy

Alan
    $2000 14
Grand Inquisitor

Nathan
    $2000 30
(Alex: And that famous broadcaster is [*].)

Eric Sevareid

Triple Stumper
    $2000 5
the Order of the Garter

Susan
    $2000 15
the New Year

Alan

Scores at the end of the Double Jeopardy! Round:

Nathan Susan Alan
$14,400 $12,500 $10,000

[wagering suggestions for these scores]

Final Jeopardy! Round responses

BUSINESS & INDUSTRY
(Alex: [After revealing Alan's response] You wrote down [*]. Yes, Arm & Hammer baking soda.)
...
(Alex: [Revealing Susan's response] She came up with Procter. Forgot Gamble.)
AlanWho is Armand Hammer?
$10,000
SusanWho is Procter
$8,700
NathanWho is Sam Walton?
$5,601
Armand Hammer

Final scores:

Nathan Susan Alan
$8,799 $3,800 $20,000
2nd place: $2,000 3rd place: $1,000 New champion: $20,000

Game dynamics:

Coryat scores:

Nathan Susan Alan
$14,400 $9,600 $11,000
19 R,
2 W
20 R
(including 1 DD),
7 W
16 R
(including 1 DD),
5 W
(including 1 DD)

Combined Coryat: $35,000

The J! Archive is created by fans, for fans. The Jeopardy! game show and all elements thereof, including but not limited to copyright and trademark thereto, are the property of Jeopardy Productions, Inc. and are protected under law. This website is not affiliated with, sponsored by, or operated by Jeopardy Productions, Inc. Join the discussion at JBoard.tv.